000 00601nam a22001817a 4500
999 _c12611
_d12611
008 190130b ||||| |||| 00| 0 eng d
020 _a971-542-291-8
082 _22001
_aDFil 899.211
_bDFil 899.211
245 _aThe story of our fingers(Tagalog)/
_cDamiana Eugenio [Compiler and Editor]
260 _aQuezon City:
_bUP Press;
_c©2001
300 _aPage 309-310;
_c22.5 cm.
500 _aPhilippine folk literature: The myths
650 _aMythology
_935656
650 _aLegends
_935657
650 _aPhilippine folk literature (English)
_935658
650 _aFolklore
_935659
942 _2ddc
_cDFIL